000
00316nam a2200109Ia 4500
008
220204s9999 xx 000 0 und d
082
_a
615.9
_b
MIC.5
245
0
_a
Microbial toxins: A comprehensive treatise. V 5. Bacterial endotoxins
260
_a
New York
_b
Academic
_c
1971
650
_a
Microbial toxins
942
_c
BK
999
_c
28599
_d
28599